| 000 | 00561nam a2200181Ia 4500 | ||
|---|---|---|---|
| 008 | 240925s9999 xx 000 0 und d | ||
| 020 | _a138406952 | ||
| 082 | _a005.1068 SIM | ||
| 100 | _aSimmons ,Dick B. | ||
| 245 | 0 | _aSoftware Measurement: a visualization toolkit for project controle and process improvement | |
| 250 | _aNA | ||
| 260 |
_aNew Jersey: _bPrintice- Hall Int. _c,1998. |
||
| 300 |
_axv,223p. _bNA _fOriginal |
||
| 500 | _aIncludes Index | ||
| 600 | _aComputer Science | ||
| 650 | _aComputer science, information & general works | ||
| 942 | _cBK | ||
| 999 |
_c4862 _d4862 |
||